Normal view
MARC view
Entry Personal Name
001 - CONTROL NUMBER
- control field: 8968
003 - CONTROL NUMBER IDENTIFIER
- control field: ARRUPE
005 - DATE AND TIME OF LATEST TRANSACTION
- control field: 20140226164013.0
008 - FIXED-LENGTH DATA ELEMENTS
- fixed length control field: 140226|| aca||aabn | a|a d
040 ## - CATALOGING SOURCE
- Original cataloging agency: ARRUPE
- Transcribing agency: ARRUPE
100 ## - HEADING--PERSONAL NAME
- Personal name: Kollman, Paul V.
670 ## - SOURCE DATA FOUND
- Source citation: Work cat.: (ARRUPE)0: Kollman, Paul V., The evangelization of slaves and Catholic origins in eastern Africa /, c2005.